Mixed Word: 6-Letter Scramble Quiz Stats

Quiz Updated Jul 9, 2012

Challenge
Share
Tweet
Embed
Score 0/20 Timer 04:00
1 Play Today
Scramble Answer % Correct
GEGOBLBOGGLE
89.9%
ZANRATTARZAN
82.2%
INTENSTENNIS
79.3%
LOCILECOLLIE
77.4%
LABCOTCOBALT
75.1%
NEMMIEEMINEM
72.3%
AERNAGREAGAN
67.7%
REYSRUSURREY
62.4%
COOMANMONACO
61.5%
CRESHECHEERS
51.1%
Scramble Answer % Correct
ALLITOLOLITA
50.4%
RACHICCHIRAC
48.3%
MEERSHHERMES
48.3%
THERESESTHER
31.3%
IHARDYRIYADH
24.1%
HEBRUNBEN-HUR
22.8%
OANKERKOREAN
19.5%
LEATETATTLEE
17.7%
ARRESTSARTRE
5.4%
OURANKKORUNA
4.6%

You're not logged in!

Compare scores with friends on all Sporcle quizzes.
Join for Free
OR
Log In

You Might Also Like...

Show Comments

Extras

Top Quizzes Today


Score Distribution

Your Account Isn't Verified!

In order to create a playlist on Sporcle, you need to verify the email address you used during registration. Go to your Sporcle Settings to finish the process.

Report this User

Report this user for behavior that violates our Community Guidelines.

Details: